Kontaktné centrá v neverejných telekomunikačných sieťach

Salvato in:
Dettagli Bibliografici
Autore principale: Vaňko, Marcel (Autore)
Altri autori: Orgoň, Miloš, 1956- (Relatore della tesi)
Natura: Manoscritto Libro
Lingua:slovacco
Pubblicazione: Bratislava : STU v Bratislave FEI, 2004
Soggetti:
Tags: Aggiungi Tag
Nessun Tag, puoi essere il primo ad aggiungerne!!

MARC

LEADER 00000ntm a22000003a 4500
001 stu89101
005 20160719164707.7
008 040720s2004------------------------slo-d
040 |a STU  |b slo 
041 0 |a slo 
100 1 |a Vaňko, Marcel  |4 aut 
245 1 |a Kontaktné centrá v neverejných telekomunikačných sieťach 
260 |a Bratislava :  |b STU v Bratislave FEI,  |c 2004 
300 |a 50 s 
650 7 |a Telekomunikácie  |2 stusub 
700 1 |a Orgoň, Miloš,  |d 1956-  |4 ths  |u E070  |U FEI Fakulta elektrotechniky a informatiky  |T FEI Ústav telekomunikácií  |X 2184  |U E070  |Y 818  |7 A000002184